000 00435nam a2200181Ia 4500
001 1490
005 20260306143732.0
008 260306t2006||||xx |||||||||||||| ||spa||
041 _aESP
082 _a150.1954
_bJ89
100 _aJung, Carl Gustav
_eAUT
245 0 _aArquetipos e Inconsciente Colectivo
260 _c2006
300 _a224 páginas :
_c22 x 13 cm.
650 _aGEN
654 _aCPS
942 _cLIB
_dJUS
_fJUS
_2ddc
_n
999 _c1490
_d1490